000
00318nam a2200133Ia 4500
005
20251222154412.0
008
251222s9999||||xx |||||||||||||| ||spa||
020
_a
84-376-0627-6
082
_a
868.6/D75
100
_a
"Diego, Gerardo"
245
0
_a
Manual de espumas. Versos humanos
250
_a
3a.ed
942
_c
LIB
999
_c
35692
_d
35692